|
|
|
|
| LEADER |
00613nam a22002172a 4500 |
| 001 |
000474877 |
| 003 |
CZ BrMZK |
| 005 |
20000105143423.0 |
| 007 |
ta |
| 008 |
000105s1902 xr cze d |
| 015 |
|
|
|a cnb000297305
|
| 035 |
|
|
|a (OCoLC)641490079
|
| 040 |
|
|
|a BOA001
|b cze
|
| 100 |
1 |
|
|a Emerson, Ralph Waldo,
|d 1803-1882
|7 jn20000601484
|
| 245 |
1 |
0 |
|a Úvahy.
|n 1 /
|c R.W. Emerson
|
| 260 |
|
|
|a Praha :
|b E. Weinfurter,
|c 1902
|
| 300 |
|
|
|a 182 s.
|
| 910 |
|
|
|a BOA001
|b 1-0135.380
|
| 990 |
|
|
|a BK
|
| 993 |
|
|
|a Y
|
| 996 |
6 |
|
|b 2619752327
|c 1-0135.380
|l MZK
|r Sklad / do 1 hodiny
|n 19
|w 000474877
|u 000010
|a 1
|e BOA001
|j MZK50
|s P
|